000 00992cam a2200253 4500
001 WB4025-19
008 040630n2004 000 0 eng u
035 _a(Sirsi) u126648
245 _aNottingham is fastest growing urban area
260 _c2004
490 _aRegeneration and Renewal
_v25 June 2004, 2(1)
520 _aNottingham's population has increased by 8.6% between 1991 and 2001, making it the seventh largest English or Welsh metropolitan area. An analysis of the 2001 census also reveals that London's population rose by 8.2% over the same period. However Liverpool is in sixth place after losing 2.6% of its residents. For further details visit http://www.statistics.gov.uk/census2001/ks_ub_ad.a sp
590 _aWB
590 _aWB
650 _aURBAN AREAS
650 _aLONDON
650 _aLIVERPOOL
650 _aECONOMIC DEVELOPMENT
650 _aPOPULATION
650 _aCENSUS 2001
650 _aNOTTINGHAM
690 _aREGENERATION
942 _n0
999 _c117620
_d117620